000 01286naa a2200289 c 4500
001 49759
999 _c49759
_d49759
003 ES-MaCES
005 20170725132255.0
008 170725s2017 sp ||||| t||||||| ||spa d
040 _aES-MaCES
_bspa
_cES-MaCES
_dES-MaCES
100 _938437
_aContreras Mazarío, José María
245 1 0 _aSímbolos religiosos y principio de no discriminación en las relaciones laborales
_b: el caso del velo islámico (Comentario a las "Conclusiones" emitidas por las Abogadas Generales en dos cuestiones prejudiciales presentadas ante el TJUE)
_cJosé Mª Contreras Mazarío
650 4 _927326
_areligión
650 4 _927334
_aislam
650 4 _928590
_aárabe
650 4 _929908
_adiscriminación religiosa
650 4 _930147
_aigualdad de trato
650 4 _928369
_arelaciones laborales
650 4 _927165
_aderecho del trabajo
650 4 _929866
_aderecho comunitario
650 4 _928624
_ajurisprudencia
650 4 _929490
_aTribunal de Justicia CE
653 1 0 _aRelaciones laborales-Empleo
773 0 _986122
_dAlbacete (Concepción, 12, 2º izda., 02002) Bomarzo 1998-
_o089020
_tRevista de derecho social
_w(ES-MaCES)25695
_gn. 77 (en.-marzo 2017) {10693 R. 089020} ;p. 125-150
902 _aART Artículo de revista
942 _2CES
_cAR
_h2.0.